The advanced theory of statistics (Record no. 745)

MARC details
000 -LEADER
fixed length control field 00512nam a2200169Ia 4500
003 - CONTROL NUMBER IDENTIFIER
control field IN-BaIIA
008 - FIXED-LENGTH DATA ELEMENTS--GENERAL INFORMATION
fixed length control field 211028s9999 xx 000 0 eng d
040 ## - CATALOGING SOURCE
Transcribing agency IIA Library
080 ## - UNIVERSAL DECIMAL CLASSIFICATION NUMBER
Universal Decimal Classification number 519.2
Item number KEN-1
100 ## - MAIN ENTRY--PERSONAL NAME
Personal name Kendall, Maurice G.
9 (RLIN) 1598
245 #4 - TITLE STATEMENT
Title The advanced theory of statistics
Remainder of title vol. II
Statement of responsibility, etc. Maurice G. Kendall
260 ## - PUBLICATION, DISTRIBUTION, ETC.
Place of publication, distribution, etc. London
Name of publisher, distributor, etc. Charles Griffin
Date of publication, distribution, etc. 1946
300 ## - PHYSICAL DESCRIPTION
Extent vii, 521p.
650 ## - SUBJECT ADDED ENTRY--TOPICAL TERM
Topical term or geographic name entry element Statistical Analysis
9 (RLIN) 1599
650 ## - SUBJECT ADDED ENTRY--TOPICAL TERM
Topical term or geographic name entry element Statistics
9 (RLIN) 1600
942 ## - ADDED ENTRY ELEMENTS (KOHA)
Koha item type Books
Holdings
Withdrawn status Lost status Damaged status Not for loan Home library Current library Shelving location Date acquired Total Checkouts Full call number Barcode Date last seen Price effective from Koha item type
        IIA Library-Bangalore IIA Library-Kodaikanal General Stacks     519.2/ KEN-1 769 05/11/2021   Books

Powered by Koha